| 000 | 00547nam a22002057a 4500 | ||
|---|---|---|---|
| 999 |
_c7771 _d7771 |
||
| 001 | 7771 | ||
| 003 | BD-JhCC | ||
| 005 | 20180220171637.0 | ||
| 008 | 180213s1962 cn |||| |||| 000 0 eng d | ||
| 035 | _a(BD-JhCC) | ||
| 040 |
_aBD-JhCC _dBD-JhCC |
||
| 041 | _aeng | ||
| 082 |
_a937.06 _bKAG 1962 |
||
| 100 | _aKagan, Donald | ||
| 245 |
_aDecline and Fall of the Roman Empire : _bWhy Did It Collapse? / _cDonald Kagan |
||
| 260 |
_aCanada: _bD. C. Beath and Company, _c1962 |
||
| 300 |
_a99 p;, _c24 cm |
||
| 650 | _aRome (Empire) | ||
| 942 |
_2ddc _cBK |
||